Algo alrededor de tu cuello /

Uloženo v:
Podrobná bibliografie
Hlavní autor: Adichie, Chimamanda Ngozi (autor)
Další autoři: Bonet, Paula (prólogo) (prólogo)
Médium: Kniha
Jazyk:španělština
Vydáno: Barcelona, España : Random House, 2017, c2017
Edice:(Literatura Random House)
Témata:
Tagy: Přidat tag
Žádné tagy, Buďte první, kdo vytvoří štítek k tomuto záznamu!

MARC

LEADER 00000nam^a2200000^a^4500
001 000404204
005 20250521000000.0
009 20260310121758.238
020 |a 978-84-397-3296-9 
037 |a Acervo ITESO - Biblioteca 
041 |a ESP 
082 |a 896.  |b ADI 
100 |a Adichie, Chimamanda Ngozi  |e (autor) 
245 1 0 |a Algo alrededor de tu cuello /  |c C. Ngozi Adichie ; pról. de P. Bonet ; tr. por Aurora Echeverría. 
264 4 |a Barcelona, España :  |b Random House,  |c 2017, c2017 
300 |a 215 p. 
336 |a texto  |b txt  |2 rdacontenido 
337 |a sin mediación  |b n  |2 rdamedio 
338 |a volumen  |b nc  |2 rdasoporte 
440 1 |a (Literatura Random House) 
500 |a Traducción de: The Thing Around Your Neck 
545 0 |a Chimamanda Ngozi Adichie es una escritora y feminista nigeriana, que aborda en sus obras la problemática de los estereotipos, la migración, la discriminación de género y el racismo. De estilo claro, directo y con un toque de humor, sus obras se destacan por reflexionar sobre la forma como nos educamos para construir un mundo más justo. Por sus obras de ficción, ha sido acreedora al Common Wealth Writer's Prize y Hurston Wright Legacy Award por La flor púrpura (2004); al Orange Prize for Fiction por Medio sol amarillo (2007) y a los Chicago Tribune Heartland Prize (2013) y National Book Critics Circle Award (2014) por Americanah. Entre sus ensayos destaca Todos deberíamos ser feministas. 
649 |a XX 
650 |a Textos Breves Nigerianos 
650 |a Literatura Nigeriana -  |y Siglo XXI 
650 |a Literatura en Inglés -  |z Nigeria 
650 |a Literatura de Mujeres -  |z Nigeria 
700 |a Bonet, Paula  |e (prólogo) 
910 |a Fondo General 
920 |a Impresos - Libros 
930 |a Colección General 
940 |a Literatura 
905 |a 101 
901 |a 0500300134  |b IT1  |c LIT  |i C159311  |u 20250521 
902 |a https://opac.biblio.iteso.mx/vufind/Record/000404204